[Event "Lindores Abbey Tal Blitz 2021"]
[Site "Riga"]
[Date "2021.11.08"]
[Round "8.38"]
[White "Donchenko, Alexander"]
[Black "Petrosyan, Manuel"]
[Result "1/2-1/2"]
[WhiteElo "2645"]
[BlackElo "2599"]
[Annotator "ChessBase"]
[PlyCount "173"]
[EventDate "2021.11.02"]
[EventType "swiss"]
[EventCountry "LAT"]
[SourceTitle "playchess.com"]
[Source "ChessBase"]
[SourceQuality "1"]

1. e4 c6 2. d4 d5 3. e5 Bf5 4. h4 h5 5. c4 e6 6. Nc3 Nd7 7. cxd5 cxd5 8. Bg5
Be7 9. Nb5 Bxg5 10. Nd6+ Kf8 11. hxg5 Ne7 12. Bb5 Nc8 13. Nxf5 Qa5+ 14. Qd2
Qxb5 15. Ne3 Ne7 16. Rc1 g6 17. g4 h4 18. Nf3 h3 19. Nd1 Kg7 20. Rc7 Rad8 21.
Rc2 Nc6 22. a3 Na5 23. Nc3 Qb3 24. Qd1 Rc8 25. Re2 Qxd1+ 26. Kxd1 Nc4 27. Rc2
Nxb2+ 28. Rxb2 Rxc3 29. Nd2 Nb6 30. Rc2 Rxa3 31. Ke2 Nc4 32. Nxc4 dxc4 33. Rxc4
h2 34. Rc7 Rb3 35. d5 exd5 36. e6 Rf8 37. Rxh2 Rb6 38. e7 Re8 39. Kd3 Re6 40.
Rxb7 R6xe7 41. Rb5 Re4 42. Rxd5 Rxg4 43. Ra5 Re7 44. Rh3 Rf4 45. Re3 Rxe3+ 46.
Kxe3 Rf5 47. Rxa7 Rxg5 48. f4 Rb5 49. Ra6 Rc5 50. Kf3 Kh6 51. Kg4 f5+ 52. Kf3
Kh5 53. Rb6 Rc3+ 54. Kf2 Ra3 55. Rc6 Ra1 56. Kf3 Rf1+ 57. Kg3 Rg1+ 58. Kf3 Kh4
59. Rd6 Rg3+ 60. Kf2 Kh3 61. Rc6 Rg2+ 62. Kf3 Kh2 63. Ra6 Rg3+ 64. Kf2 Rg4 65.
Kf3 Kh3 66. Rb6 Rg1 67. Ra6 Rf1+ 68. Ke2 Rg1 69. Kf3 Rg2 70. Rb6 Rg4 71. Ra6
Rg3+ 72. Kf2 Kh2 73. Rb6 Rg2+ 74. Kf3 Rg3+ 75. Kf2 Kh3 76. Ra6 Rg4 77. Kf3 Rg1
78. Rb6 Kh4 79. Ra6 Rf1+ 80. Ke2 Rg1 81. Kf3 Kh3 82. Rb6 Rf1+ 83. Ke2 Rxf4 84.
Rxg6 Rg4 85. Rf6 Re4+ 86. Kf3 Rh4 87. Rxf5 1/2-1/2

[Event "Lindores Abbey Tal Blitz 2021"]
[Site "Riga"]
[Date "2021.11.08"]
[Round "8.39"]
[White "Kosteniuk, Alexandra"]
[Black "Arabidze, Meri"]
[Result "1-0"]
[WhiteElo "2518"]
[BlackElo "2441"]
[Annotator "ChessBase"]
[PlyCount "67"]
[EventDate "2021.11.02"]
[EventType "swiss"]
[EventCountry "LAT"]
[SourceTitle "playchess.com"]
[Source "ChessBase"]
[SourceQuality "1"]

1. e4 c5 2. c3 d5 3. exd5 Qxd5 4. d4 Nc6 5. Nf3 Bf5 6. Be3 Nf6 7. Na3 cxd4 8.
Nb5 Qd8 9. Nfxd4 Nxd4 10. Nxd4 Bd7 11. Qf3 Qc8 12. O-O-O a6 13. Qg3 g6 14. h4
Ng4 15. Bf4 Bg7 16. f3 e5 17. fxg4 exf4 18. Re1+ Kf8 19. Qxf4 Bxg4 20. Bd3 h5
21. Kb1 Qb8 22. Qf2 Kg8 23. Re7 Qf8 24. Rxb7 Bxd4 25. cxd4 Be6 26. Be4 Rd8 27.
Rd1 Qd6 28. d5 Bd7 29. Rb6 Qe5 30. Bxg6 Be8 31. Bc2 Rxd5 32. Re1 Qd4 33. Rxe8+
Kg7 34. Qg3+ 1-0

[Event "Lindores Abbey Tal Blitz 2021"]
[Site "Riga"]
[Date "2021.11.08"]
[Round "8.40"]
[White "Shuvalova, Polina"]
[Black "Ivic, Velimir"]
[Result "0-1"]
[WhiteElo "2515"]
[BlackElo "2620"]
[Annotator "ChessBase"]
[PlyCount "69"]
[EventDate "2021.11.02"]
[EventType "swiss"]
[EventCountry "LAT"]
[SourceTitle "playchess.com"]
[Source "ChessBase"]
[SourceQuality "1"]

1. e4 c5 2. Nf3 Nc6 3. Bb5 g6 4. O-O Bg7 5. c3 Nf6 6. Re1 O-O 7. d4 d5 8. e5
Ne4 9. Be3 Qb6 10. Bxc6 Qxc6 11. dxc5 Bg4 12. Qd4 f6 13. Nbd2 Bxf3 14. Nxf3
fxe5 15. Nxe5 Qe6 16. f4 g5 17. g3 gxf4 18. Bxf4 Rf5 19. c4 Bxe5 20. Bxe5 Qxe5
21. Qxe5 Rxe5 22. cxd5 Rd8 23. Rad1 Nd2 24. Kf2 Rexd5 25. Rc1 e5 26. Re2 Rf8+
27. Kg2 Nf3 28. b4 Nd4 29. Re4 a6 30. a4 Rc8 31. Rce1 a5 32. bxa5 Rcxc5 33. Rb1
Rd7 34. Rb6 Nc6 35. Rb2 0-1

[Event "Lindores Abbey Tal Blitz 2021"]
[Site "Riga"]
[Date "2021.11.08"]
[Round "8.41"]
[White "Assaubayeva, Bibisara"]
[Black "Kovalev, Vladislav"]
[Result "0-1"]
[WhiteElo "2400"]
[BlackElo "2634"]
[Annotator "ChessBase"]
[PlyCount "64"]
[EventDate "2021.11.02"]
[EventType "swiss"]
[EventCountry "LAT"]
[SourceTitle "playchess.com"]
[Source "ChessBase"]
[SourceQuality "1"]

1. d4 Nf6 2. c4 g6 3. Nc3 Bg7 4. e4 d6 5. Be2 O-O 6. Be3 c5 7. d5 e6 8. Nf3 Re8
9. Nd2 a6 10. a4 h5 11. h3 e5 12. Qc2 Nh7 13. h4 f5 14. f3 a5 15. Bd3 Na6 16.
Qd1 Nb4 17. Bb1 f4 18. Bf2 g5 19. hxg5 Qxg5 20. Kf1 Kh8 21. Bh4 Qg6 22. Nb5 Rg8
23. Qe2 Bd7 24. Nc3 Bf6 25. Bxf6+ Nxf6 26. Ba2 Rg7 27. Bb3 Rag8 28. g4 fxg3 29.
Kg2 Qg5 30. Nb5 h4 31. Rxh4+ Qxh4 32. Rh1 Qh2+ 0-1

[Event "Lindores Abbey Tal Blitz 2021"]
[Site "Riga"]
[Date "2021.11.08"]
[Round "8.42"]
[White "Neiksans, Arturs"]
[Black "Miezis, Normunds"]
[Result "1-0"]
[WhiteElo "2575"]
[BlackElo "2446"]
[Annotator "ChessBase"]
[PlyCount "71"]
[EventDate "2021.11.02"]
[EventType "swiss"]
[EventCountry "LAT"]
[SourceTitle "playchess.com"]
[Source "ChessBase"]
[SourceQuality "1"]

1. e4 c5 2. Nf3 e6 3. g3 Nc6 4. Bg2 Nf6 5. Nc3 e5 6. O-O d6 7. d3 g6 8. Nd2 Bg7
9. Nc4 O-O 10. f4 exf4 11. Bxf4 Ne8 12. a4 Be6 13. Nd5 Bxd5 14. exd5 Na5 15.
Nxa5 Qxa5 16. c3 Qb6 17. Qc2 Nf6 18. a5 Qc7 19. Qa4 Rfe8 20. Rfe1 Kf8 21. a6
Rxe1+ 22. Rxe1 Re8 23. Rxe8+ Nxe8 24. Qb5 bxa6 25. Qxa6 Qb8 26. Bc1 Qb3 27. Bf3
Qc2 28. Bf4 Qb1+ 29. Kg2 Qxb2+ 30. Kh3 Qb6 31. Qc8 h6 32. Bg4 f5 33. Be2 Ke7
34. Qe6+ Kf8 35. Qxg6 a5 36. Bh5 1-0

[Event "Lindores Abbey Tal Blitz 2021"]
[Site "Riga"]
[Date "2021.11.08"]
[Round "8.43"]
[White "Tabatabaei, M. Amin"]
[Black "Dzagnidze, Nana"]
[Result "1-0"]
[WhiteElo "2639"]
[BlackElo "2524"]
[Annotator "ChessBase"]
[PlyCount "105"]
[EventDate "2021.11.02"]
[EventType "swiss"]
[EventCountry "LAT"]
[SourceTitle "playchess.com"]
[Source "ChessBase"]
[SourceQuality "1"]

1. e4 c5 2. Nf3 d6 3. Bb5+ Nd7 4. d4 cxd4 5. Nxd4 Ngf6 6. Bd3 e6 7. O-O Be7 8.
c4 a6 9. Nc3 Qc7 10. Re1 b6 11. Be3 Bb7 12. Rc1 O-O 13. f3 Rac8 14. b4 Qb8 15.
Bf1 Rfe8 16. Qb3 Bd8 17. Kh1 Bc7 18. Bg1 Qa8 19. a4 Nf8 20. Rcd1 h5 21. b5 a5
22. Nc6 N8d7 23. Qc2 Bxc6 24. bxc6 Qxc6 25. Nb5 Nc5 26. Rd2 Bb8 27. Red1 Nb7
28. Qb3 Nd7 29. Qe3 Ndc5 30. Ra2 Nd7 31. Qg5 Nf6 32. Bd4 e5 33. Bf2 Nc5 34. Qe3
Rcd8 35. Bh4 Ncd7 36. Rad2 Re6 37. Nc3 Rc8 38. Nd5 Qc5 39. Qg5 Qa3 40. Ne3 Qxa4
41. Nf5 g6 42. Ne3 Qa3 43. Rd3 Qc5 44. Qh6 Bc7 45. Nd5 Bd8 46. Bg3 a4 47. Be1
a3 48. Bb4 Qc6 49. Bxa3 Qa8 50. Bxd6 Rxd6 51. Nxf6+ Rxf6 52. Rxd7 Qa2 53. Rxd8+
1-0

[Event "Lindores Abbey Tal Blitz 2021"]
[Site "Riga"]
[Date "2021.11.08"]
[Round "8.44"]
[White "Rakotomaharo, Fy Antenaina"]
[Black "Rakhmanov, Aleksandr"]
[Result "1-0"]
[WhiteElo "2487"]
[BlackElo "2650"]
[Annotator "ChessBase"]
[PlyCount "68"]
[EventDate "2021.11.02"]
[EventType "swiss"]
[EventCountry "LAT"]
[SourceTitle "playchess.com"]
[Source "ChessBase"]
[SourceQuality "1"]

1. e4 c5 2. Nf3 Nf6 3. e5 Nd5 4. Nc3 Nxc3 5. dxc3 Nc6 6. Bf4 Qb6 7. Rb1 Qc7 8.
Bd3 e6 9. Qe2 h6 10. h4 b6 11. Nd2 Bb7 12. Nc4 Ba6 13. Nd6+ Bxd6 14. exd6 Bxd3
15. cxd3 Qd8 16. Qg4 Qf6 17. O-O Qg6 18. Qf3 Qf5 19. Qg3 g5 20. hxg5 hxg5 21.
Qxg5 Qh7 22. f3 Rg8 23. Qh6 Qxd3 24. Qf6 Qh7 25. Bh2 Qc2 26. g4 Qh7 27. Be5 Rg6
28. Qf4 O-O-O 29. Bf6 Rdg8 30. Kg2 Rh6 31. Rh1 Qc2+ 32. Kg3 Rxh1 33. Rxh1 Qxb2
34. Rh7 Nd8 1-0

[Event "Lindores Abbey Tal Blitz 2021"]
[Site "Riga"]
[Date "2021.11.08"]
[Round "8.45"]
[White "Batsiashvili, Nino"]
[Black "Jumabayev, Rinat"]
[Result "0-1"]
[WhiteElo "2491"]
[BlackElo "2658"]
[Annotator "ChessBase"]
[PlyCount "62"]
[EventDate "2021.11.02"]
[EventType "swiss"]
[EventCountry "LAT"]
[SourceTitle "playchess.com"]
[Source "ChessBase"]
[SourceQuality "1"]

1. d4 Nf6 2. c4 e6 3. Nf3 Bb4+ 4. Nc3 b6 5. e3 Bb7 6. Bd3 c5 7. O-O cxd4 8.
exd4 O-O 9. Bg5 Bxc3 10. bxc3 h6 11. Bh4 d6 12. Qe2 Nbd7 13. Nd2 Qc7 14. f4
Rac8 15. Rae1 Rfe8 16. h3 d5 17. f5 dxc4 18. Bxc4 exf5 19. Qf2 g6 20. Bg3 Qc6
21. Bf4 Kg7 22. Bb3 Qxc3 23. Rc1 Qxc1 24. Rxc1 Rxc1+ 25. Kh2 g5 26. Bd6 Ree1
27. Qxf5 Re2 28. Nf3 Be4 29. Qb5 Bxf3 30. Kg3 Rf1 31. Qc4 Rxg2# 0-1

[Event "Lindores Abbey Tal Blitz 2021"]
[Site "Riga"]
[Date "2021.11.08"]
[Round "8.46"]
[White "Munguntuul, Batkhuyag"]
[Black "Firat, Burak"]
[Result "1-0"]
[WhiteElo "2433"]
[BlackElo "2480"]
[Annotator "ChessBase"]
[PlyCount "132"]
[EventDate "2021.11.02"]
[EventType "swiss"]
[EventCountry "LAT"]
[SourceTitle "playchess.com"]
[Source "ChessBase"]
[SourceQuality "1"]

1. e4 c5 2. Nf3 d6 3. d4 cxd4 4. Nxd4 Nf6 5. Nc3 a6 6. Be2 e5 7. Nf3 Be7 8. Bg5
Nbd7 9. a4 Qc7 10. O-O h6 11. Be3 O-O 12. Nd2 b6 13. Nc4 Bb7 14. f3 Rac8 15.
Bf2 d5 16. Nxd5 Nxd5 17. exd5 Bc5 18. Kh1 Bxf2 19. Rxf2 Qc5 20. Rf1 b5 21. axb5
axb5 22. Na3 b4 23. Nc4 Nf6 24. Ra5 Qc7 25. d6 Qd8 26. Ra7 Bd5 27. b3 Ra8 28.
Rxa8 Qxa8 29. Nxe5 Rd8 30. Nc4 Qc6 31. Qd2 Bxc4 32. Bxc4 Rxd6 33. Qxb4 Rd8 34.
Qa5 Qd7 35. b4 Qd4 36. b5 Re8 37. Bd3 Nh5 38. b6 Qh4 39. Kg1 Qd4+ 40. Kh1 Qh4
41. Qc5 Ng3+ 42. Kg1 Nxf1 43. Bxf1 Qf4 44. b7 Kh7 45. c4 g6 46. Qb6 Qe5 47. h3
h5 48. Qb3 Qc5+ 49. Kh2 Rb8 50. Bd3 Qc7+ 51. Kh1 Rxb7 52. Qc3 Qc5 53. Be4 Re7
54. Qf6 Qe5 55. Qh4 Qa1+ 56. Kh2 Qe5+ 57. Kh1 Kg7 58. Qf2 Qa1+ 59. Kh2 Qe5+ 60.
Kh1 Qa1+ 61. Kh2 Ra7 62. Bd5 Ra2 63. Qe3 Qb2 64. f4 Qb8 65. c5 Ra7 66. c6 Qc7
1-0

[Event "Lindores Abbey Tal Blitz 2021"]
[Site "Riga"]
[Date "2021.11.08"]
[Round "8.47"]
[White "Sadhwani, Raunak"]
[Black "Budisavljevic, Luka"]
[Result "1-0"]
[WhiteElo "2609"]
[BlackElo "2511"]
[Annotator "ChessBase"]
[PlyCount "106"]
[EventDate "2021.11.02"]
[EventType "swiss"]
[EventCountry "LAT"]
[SourceTitle "playchess.com"]
[Source "ChessBase"]
[SourceQuality "1"]

1. c4 e6 2. Nf3 Nf6 3. g3 a6 4. Bg2 b5 5. cxb5 axb5 6. Nd4 c6 7. Nxb5 cxb5 8.
Bxa8 d5 9. O-O Qa5 10. Bxd5 exd5 11. d3 Be7 12. Nd2 O-O 13. a4 bxa4 14. Qxa4
Qb6 15. Nf3 Nc6 16. Be3 Qb7 17. Rfc1 Bd7 18. Qa6 Rb8 19. Qxb7 Rxb7 20. Ra8+ Ne8
21. Nd4 Ne5 22. Nf5 Bf8 23. Bd4 Nc6 24. Bc5 g6 25. Bxf8 Kxf8 26. Nd6 Rb8 27.
Rxb8 Nxb8 28. Nc8 Nc6 29. Nb6 Nb8 30. Nxd5 Be6 31. Nc7 Nxc7 32. Rxc7 Na6 33.
Ra7 Nb4 34. Rb7 Nc6 35. b4 Nd4 36. Kf1 Ke8 37. e3 Nf3 38. h4 Kd8 39. b5 Kc8 40.
Ra7 Ne5 41. Ke2 Nd7 42. Kd2 Kb8 43. Ra1 Kb7 44. Kc3 Kb6 45. Kb4 Nc5 46. Ra3 Nb7
47. Ra6+ Kc7 48. Rc6+ Kb8 49. b6 Nd8 50. Rc7 Nb7 51. e4 Nd6 52. f3 Nc8 53. Kc5
Bb3 1-0

[Event "Lindores Abbey Tal Blitz 2021"]
[Site "Riga"]
[Date "2021.11.08"]
[Round "8.48"]
[White "Ernst, Sipke"]
[Black "Melia, Salome"]
[Result "1-0"]
[WhiteElo "2532"]
[BlackElo "2371"]
[Annotator "ChessBase"]
[PlyCount "71"]
[EventDate "2021.11.02"]
[EventType "swiss"]
[EventCountry "LAT"]
[SourceTitle "playchess.com"]
[Source "ChessBase"]
[SourceQuality "1"]

1. d4 Nf6 2. c4 e6 3. g3 d5 4. Nf3 Be7 5. Bg2 O-O 6. Nc3 dxc4 7. Ne5 Nc6 8.
Bxc6 bxc6 9. Nxc6 Qe8 10. Nxe7+ Qxe7 11. Qa4 e5 12. dxe5 Qxe5 13. Qxc4 Bh3 14.
Bf4 Qh5 15. O-O-O Rfe8 16. f3 Be6 17. Qa4 Qc5 18. Qd4 Qa5 19. Qa4 Qc5 20. Qa3
Qb6 21. Kb1 h6 22. Ka1 c6 23. Bd6 Nd5 24. Bc5 Qc7 25. e4 Nxc3 26. Qxc3 Qb7 27.
Rd4 a5 28. g4 a4 29. h4 f6 30. g5 Qf7 31. gxh6 Bxa2 32. Rg1 g6 33. h5 g5 34. f4
a3 35. b4 Qxh5 36. Rd3 1-0

[Event "Lindores Abbey Tal Blitz 2021"]
[Site "Riga"]
[Date "2021.11.08"]
[Round "8.49"]
[White "Tregubov, Pavel V."]
[Black "Golsta, Madara"]
[Result "1-0"]
[WhiteElo "2537"]
[BlackElo "2003"]
[Annotator "ChessBase"]
[PlyCount "77"]
[EventDate "2021.11.02"]
[EventType "swiss"]
[EventCountry "LAT"]
[SourceTitle "playchess.com"]
[Source "ChessBase"]
[SourceQuality "1"]

1. e4 c5 2. Nf3 d6 3. Bb5+ Nd7 4. Ba4 Ngf6 5. O-O g6 6. Re1 Bg7 7. c3 O-O 8. d4
a6 9. h3 b5 10. Bc2 e5 11. a4 Bb7 12. d5 c4 13. Nbd2 Nc5 14. a5 Nh5 15. b3 cxb3
16. Nxb3 Rc8 17. Nxc5 Rxc5 18. Ra3 h6 19. g3 f5 20. Nh4 Nf4 21. Bxf4 exf4 22.
Nxg6 fxg3 23. Nxf8 gxf2+ 24. Kxf2 Qxf8 25. exf5 Rxd5 26. Qg4 Rd2+ 27. Re2 Rxe2+
28. Qxe2 Bd5 29. Be4 Qf7 30. Bxd5 Qxd5 31. Qe6+ Qxe6 32. fxe6 Kf8 33. c4 b4 34.
Rf3+ Ke8 35. Rf7 Bd4+ 36. Kf3 b3 37. Rb7 b2 38. Ke4 Be5 39. c5 1-0

[Event "Lindores Abbey Tal Blitz 2021"]
[Site "Riga"]
[Date "2021.11.08"]
[Round "8.50"]
[White "Gunina, Valentina"]
[Black "Zhu, Jiner"]
[Result "1-0"]
[WhiteElo "2480"]
[BlackElo "2455"]
[Annotator "ChessBase"]
[PlyCount "93"]
[EventDate "2021.11.02"]
[EventType "swiss"]
[EventCountry "LAT"]
[SourceTitle "playchess.com"]
[Source "ChessBase"]
[SourceQuality "1"]

1. d4 Nf6 2. c4 e6 3. Nf3 d5 4. Nc3 c5 5. cxd5 Nxd5 6. e4 Nxc3 7. bxc3 cxd4 8.
cxd4 Bb4+ 9. Bd2 Bxd2+ 10. Qxd2 O-O 11. Bc4 b6 12. d5 Ba6 13. Bxa6 Nxa6 14. d6
e5 15. Nxe5 Re8 16. Qd5 Nb4 17. Qxf7+ Kh8 18. Qc4 Rxe5 19. Qxb4 Re6 20. Rd1 Qd7
21. O-O Rd8 22. Qa3 a5 23. f3 Rxd6 24. Rxd6 Qxd6 25. Qxd6 Rxd6 26. Rb1 Kg8 27.
Kf2 Kf7 28. Ke3 Ke6 29. a4 Kd7 30. Rc1 h6 31. h4 h5 32. Rc3 Rg6 33. Rc2 Kd6 34.
Kf4 Kd7 35. Kf5 Rd6 36. Kg5 g6 37. Rb2 Kc6 38. e5 Rd4 39. e6 Rxa4 40. Rxb6+ Kc7
41. Rb7+ Kd8 42. g3 Ra3 43. f4 Rxg3+ 44. Kf6 Re3 45. e7+ Ke8 46. Rb8+ Kd7 47.
Rd8+ 1-0

[Event "Lindores Abbey Tal Blitz 2021"]
[Site "Riga"]
[Date "2021.11.08"]
[Round "8.51"]
[White "Harika, Dronavalli"]
[Black "Divya Deshmukh"]
[Result "0-1"]
[WhiteElo "2511"]
[BlackElo "2310"]
[Annotator "ChessBase"]
[PlyCount "78"]
[EventDate "2021.11.02"]
[EventType "swiss"]
[EventCountry "LAT"]
[SourceTitle "playchess.com"]
[Source "ChessBase"]
[SourceQuality "1"]

1. Nf3 d5 2. b3 Nf6 3. Bb2 Bf5 4. g3 e6 5. Bg2 Be7 6. d3 h6 7. Nbd2 O-O 8. O-O
Bh7 9. Qe1 Nbd7 10. e4 dxe4 11. dxe4 Nc5 12. Ne5 c6 13. Qe2 Qc7 14. Ng4 Nxg4
15. Qxg4 Bg6 16. h4 h5 17. Qe2 Rfd8 18. Nc4 b5 19. Ne5 Bf6 20. f4 Nd7 21. Nd3
Bxb2 22. Nxb2 Nf6 23. Nd3 Ng4 24. Bf3 Rd4 25. c3 Rd6 26. Bxg4 hxg4 27. Ne5 Rad8
28. Nxg6 Rd2 29. Qxg4 fxg6 30. Qxe6+ Kh7 31. h5 gxh5 32. Qf5+ g6 33. Qc5 R8d3
34. Rf2 Rxg3+ 35. Kh2 Qxf4 36. Rxd2 Rg4+ 37. Kh1 Qf3+ 38. Kh2 Rh4+ 39. Kg1 Rh1#
0-1

[Event "Lindores Abbey Tal Blitz 2021"]
[Site "Riga"]
[Date "2021.11.08"]
[Round "8.52"]
[White "Garifullina, Leya"]
[Black "Cori T., Deysi"]
[Result "0-1"]
[WhiteElo "2416"]
[BlackElo "2396"]
[Annotator "ChessBase"]
[PlyCount "90"]
[EventDate "2021.11.02"]
[EventType "swiss"]
[EventCountry "LAT"]
[SourceTitle "playchess.com"]
[Source "ChessBase"]
[SourceQuality "1"]

1. e4 d6 2. d4 g6 3. Nc3 Nf6 4. Be3 c6 5. a4 Qc7 6. h3 Nbd7 7. Nf3 Bg7 8. Qd2
h5 9. Ng5 a6 10. a5 O-O 11. f4 e5 12. dxe5 dxe5 13. f5 gxf5 14. exf5 e4 15. Bc4
Ne5 16. Bb3 Bxf5 17. O-O Bg6 18. Bb6 Qe7 19. Be3 Rad8 20. Qe2 c5 21. Rxf6 Qxf6
22. Ngxe4 Qc6 23. Bg5 Rd4 24. Rf1 Rxe4 25. Nxe4 Qxe4 26. Qd2 c4 27. Ba2 Qc6 28.
Qf2 Qd5 29. Bf6 Nc6 30. Bxg7 Kxg7 31. Kh1 Qd4 32. Qf3 Re8 33. c3 Qd3 34. Qf6+
Kg8 35. Qf4 Qe4 36. Qf2 Ne5 37. Bb1 Nd3 38. Qf6 Qe5 39. Qf3 h4 40. Ba2 Qe4 41.
Qf6 Re6 42. Qg5 Kg7 43. Qd2 Qe3 44. Qd1 Nf2+ 45. Rxf2 Qxf2 0-1

[Event "Lindores Abbey Tal Blitz 2021"]
[Site "Riga"]
[Date "2021.11.08"]
[Round "8.53"]
[White "Saduakassova, Dinara"]
[Black "Arakhamia-Grant, Ketevan"]
[Result "1-0"]
[WhiteElo "2491"]
[BlackElo "2362"]
[Annotator "ChessBase"]
[PlyCount "113"]
[EventDate "2021.11.02"]
[EventType "swiss"]
[EventCountry "LAT"]
[SourceTitle "playchess.com"]
[Source "ChessBase"]
[SourceQuality "1"]

1. d4 Nf6 2. Nf3 g6 3. g3 Bg7 4. Bg2 O-O 5. O-O d6 6. c4 Nc6 7. Nc3 e5 8. dxe5
Nxe5 9. b3 c6 10. Bf4 Qe7 11. Rc1 Bg4 12. Qd2 Rad8 13. Nd4 Qd7 14. Bh6 Bh3 15.
Bxg7 Kxg7 16. Rfd1 Bxg2 17. Kxg2 h5 18. Nf3 Qe7 19. Qg5 Nxf3 20. exf3 Qe5 21.
f4 Qxg5 22. fxg5 Nh7 23. h4 Rfe8 24. Rd4 f6 25. Ne4 Re6 26. Rcd1 fxg5 27. hxg5
d5 28. cxd5 Rxd5 29. Rxd5 cxd5 30. Nc5 Re5 31. f4 Re2+ 32. Kf3 Rxa2 33. Rxd5 b6
34. Rd7+ Kg8 35. Ne6 Rb2 36. Nd4 a5 37. Rd6 Nf8 38. Rxb6 a4 39. Ke4 a3 40. Ra6
a2 41. Ke5 Nd7+ 42. Kd6 Nf8 43. Kd5 Kf7 44. Ra7+ Ke8 45. Kc4 Rg2 46. b4 Nd7 47.
b5 Nb6+ 48. Kc5 Nd7+ 49. Kc6 Rd2 50. Nb3 Rc2+ 51. Kd6 Nb6 52. Nc5 Nc4+ 53. Ke6
Re2+ 54. Kd5 Nb6+ 55. Kc6 Nc4 56. b6 Rb2 57. b7 1-0

[Event "Lindores Abbey Tal Blitz 2021"]
[Site "Riga"]
[Date "2021.11.08"]
[Round "8.54"]
[White "Buksa, Nataliya"]
[Black "Sukandar, Irine Kharisma"]
[Result "1-0"]
[WhiteElo "2410"]
[BlackElo "2406"]
[Annotator "ChessBase"]
[PlyCount "91"]
[EventDate "2021.11.02"]
[EventType "swiss"]
[EventCountry "LAT"]
[SourceTitle "playchess.com"]
[Source "ChessBase"]
[SourceQuality "1"]

1. d4 Nf6 2. Nc3 d5 3. Bf4 e6 4. Nb5 Bd6 5. Nxd6+ cxd6 6. e3 Nc6 7. Bg3 O-O 8.
Nf3 Ne4 9. Be2 Qb6 10. O-O Qxb2 11. Bd3 Qa3 12. Bxe4 dxe4 13. Nd2 d5 14. Rb1 b6
15. Rb3 Qe7 16. f3 Ba6 17. Rf2 f5 18. Rc3 Rac8 19. fxe4 fxe4 20. Qg4 Rxf2 21.
Bxf2 Bb5 22. Nxe4 dxe4 23. d5 Rd8 24. dxc6 Qb4 25. Rb3 Qc4 26. Rb1 Bxc6 27. h3
Rf8 28. Bg3 Rf5 29. Rd1 Bd5 30. Bf4 g6 31. Qh4 Qc8 32. c4 Qxc4 33. Qe1 Rf8 34.
Rc1 Qxa2 35. Qh4 Qb2 36. Rc7 Qa1+ 37. Kh2 Qh8 38. Bd6 Re8 39. Qg5 a5 40. Qf4 e5
41. Qg5 a4 42. h4 a3 43. h5 Bf7 44. h6 a2 45. Ra7 Rc8 46. Bxe5 1-0

[Event "Lindores Abbey Tal Blitz 2021"]
[Site "Riga"]
[Date "2021.11.08"]
[Round "8.55"]
[White "Girya, Olga"]
[Black "Badelka, Olga"]
[Result "0-1"]
[WhiteElo "2402"]
[BlackElo "2438"]
[Annotator "NA"]
[PlyCount "69"]
[EventDate "2021.11.02"]
[EventType "swiss"]
[EventCountry "LAT"]
[SourceTitle "playchess.com"]
[Source "ChessBase"]
[SourceQuality "1"]

1. d4 d5 2. c4 dxc4 3. e3 Nf6 4. Bxc4 e6 5. Nf3 a6 6. O-O c5 7. dxc5 Bxc5 8.
Qxd8+ Kxd8 9. Nbd2 b5 10. Be2 Bb7 11. a4 b4 12. Nb3 Bd6 13. Na5 Bd5 14. Nd4 Ke7
15. f3 Rc8 16. e4 Nc6 17. Ndxc6+ Bxc6 18. Be3 Bd7 19. Nc4 Bc5 20. Kf2 Bxe3+ 21.
Kxe3 Rc5 22. Rfd1 a5 23. b3 e5 24. Rd2 Be6 25. Rad1 Rac8 26. Rd6 Ne8 27. Ra6
Bxc4 28. Bxc4 f6 29. Re6+ Kf8 30. Rd7 R8c7 31. Rxc7 Nxc7 32. Rb6 Ke7 33. Rb8 h5
34. Rg8 Ne6 35. Ra8 0-1

[Event "Lindores Abbey Tal Blitz 2021"]
[Site "Riga"]
[Date "2021.11.08"]
[Round "8.56"]
[White "Lujan, Carolina"]
[Black "Zawadzka, Jolanta"]
[Result "1-0"]
[WhiteElo "2340"]
[BlackElo "2429"]
[Annotator "ChessBase"]
[PlyCount "99"]
[EventDate "2021.11.02"]
[EventType "swiss"]
[EventCountry "LAT"]
[SourceTitle "playchess.com"]
[Source "ChessBase"]
[SourceQuality "1"]

1. e4 c5 2. g3 Nc6 3. Bg2 g6 4. Nf3 Bg7 5. O-O e5 6. c3 Nge7 7. d3 O-O 8. a3 d6
9. b4 h6 10. Nbd2 Be6 11. Bb2 a6 12. Re1 b5 13. Rb1 Qc7 14. Nb3 c4 15. dxc4
Bxc4 16. Nbd2 Be6 17. Rc1 a5 18. c4 bxc4 19. Nxc4 axb4 20. axb4 Nxb4 21. Nxd6
Qa5 22. Nb7 Qb5 23. Nc5 Rfd8 24. Qe2 Qxe2 25. Rxe2 Bg4 26. Re3 Bxf3 27. Bxf3
Nec6 28. Rb3 Bf8 29. Kg2 Rdc8 30. Nd7 Bd6 31. Nb6 Ne7 32. Nxc8 Nxc8 33. Bxe5
Bxe5 34. Rxb4 Ne7 35. Rb7 Bf6 36. e5 Bg5 37. Rcc7 Nf5 38. Rxf7 Ra2 39. Bd5 Ne3+
40. Kf3 Nxd5 41. Rg7+ Kf8 42. Rbf7+ Ke8 43. Rb7 Ra3+ 44. Kg2 Kf8 45. Rgf7+ Ke8
46. Rh7 Be7 47. e6 Kf8 48. Rf7+ Ke8 49. Rb8+ Bd8 50. Rd7 1-0

[Event "Lindores Abbey Tal Blitz 2021"]
[Site "Riga"]
[Date "2021.11.08"]
[Round "8.57"]
[White "Rogule, Laura"]
[Black "Maltsevskaya, Aleksandra"]
[Result "0-1"]
[WhiteElo "2289"]
[BlackElo "2411"]
[Annotator "ChessBase"]
[PlyCount "51"]
[EventDate "2021.11.02"]
[EventType "swiss"]
[EventCountry "LAT"]
[SourceTitle "playchess.com"]
[Source "ChessBase"]
[SourceQuality "1"]

1. c4 e5 2. Nc3 Nf6 3. g3 g6 4. Bg2 Bg7 5. e4 O-O 6. Nge2 c6 7. O-O Na6 8. d3
Nc7 9. f4 exf4 10. Bxf4 d5 11. cxd5 cxd5 12. e5 Nh5 13. d4 Bg4 14. Be3 f6 15.
Qb3 fxe5 16. Rxf8+ Qxf8 17. Qxb7 Rc8 18. Rf1 Qe8 19. dxe5 Bxe5 20. Nd4 Bxg3 21.
Nxd5 Nxd5 22. Bxd5+ Kh8 23. Ne6 Bxe6 24. Bd4+ Kg8 25. hxg3 Rd8 26. Bxe6+ 0-1

[Event "Lindores Abbey Tal Blitz 2021"]
[Site "Riga"]
[Date "2021.11.08"]
[Round "8.58"]
[White "Bivol, Alina"]
[Black "Socko, Monika"]
[Result "1-0"]
[WhiteElo "2377"]
[BlackElo "2393"]
[Annotator "NA"]
[PlyCount "83"]
[EventDate "2021.11.02"]
[EventType "swiss"]
[EventCountry "LAT"]
[SourceTitle "playchess.com"]
[Source "ChessBase"]
[SourceQuality "1"]

1. e4 e6 2. d3 d5 3. Nd2 c5 4. Ngf3 Nc6 5. g3 Bd6 6. Bg2 Nge7 7. O-O Bc7 8. Qe2
O-O 9. h4 b6 10. Re1 Ba6 11. Nf1 Nd4 12. Nxd4 cxd4 13. h5 dxe4 14. Qxe4 Rb8 15.
Qg4 Nf5 16. Be4 Bb7 17. Bxf5 exf5 18. Qxf5 Qd5 19. Qxd5 Bxd5 20. h6 Rbc8 21.
hxg7 Kxg7 22. Bd2 Bd6 23. c3 Rfe8 24. cxd4 Rxe1 25. Rxe1 Bxa2 26. Ne3 Be6 27.
Bc3 Kg6 28. d5 Bf5 29. Nc4 Rd8 30. d4 f6 31. Kg2 Bb8 32. Re7 Rxd5 33. Ne3 Rd8
34. d5 Bc8 35. f4 a5 36. Kf3 Bd6 37. Ra7 Bc5 38. Rc7 Ba6 39. f5+ Kh6 40. Bxf6
Re8 41. Ng4+ Kh5 42. Rxh7# 1-0